000
00347nam a2200145Ia 4500
008
240624s9999 xx 000 0 und d
041
_a
eng
082
_a
658.8 AAK
100
_a
AAKER DAVID A
245
_a
STRATEGIC MARKET MANAGEMENT
250
_a
(9th ed.)
260
_c
2012
_a
New Delhi
_b
Wiley India
300
_a
356 : p.
365
_c
RS
_b
30
999
_c
21803
_d
21803